| 000 | 00774nam a2200265Ia 4500 | ||
|---|---|---|---|
| 001 | Para_4846 | ||
| 003 | CHAP | ||
| 008 | 220125s1953 xx 000 0 und d | ||
| 010 | _a203287 | ||
| 040 | _cCHAP | ||
| 090 | _aPA FOLLETO 2249 | ||
| 110 |
_aEUA. Department of Agriculture _938805 |
||
| 245 |
_aAnts : _b the home and garden how to control them / _c Department of Agriculture |
||
| 260 |
_aWashington : _b The Department |
||
| 300 | _a8 p. | ||
| 440 |
_aEUA. Depart. of Agri. Home and garden bull; 28 _9168998 |
||
| 650 |
_aHormigas Control de plagas _9168999 |
||
| 901 | _aPA FOLLETO 2249 | ||
| 902 | _aA | ||
| 905 | _a0000001953 WAS 0000000000 00 | ||
| 910 | _a1953 | ||
| 942 | _cPARA | ||
| 942 |
_cPARA _d1 |
||
| 999 |
_c203287 _d203287 |
||